Русско-английский разговорник. Вып. 4: Сельское хозяйство (Запись № 13576683)

Подробности
000 -МАРКЕР
контрольное поле 01351nam2a2200289 4500
001 - ИДЕНТИФИКАТОР ЗАПИСИ
контрольное поле rc\2852576
005 - ИДЕНТИФИКАТОР ВЕРСИИ
контрольное поле 20260315050257.0
035 ## - ДРУГИЕ СИСТЕМНЫЕ НОМЕРА
Идентификатор записи (NLR Aleph) 007007355
100 ## - ДАННЫЕ ОБЩЕЙ ОБРАБОТКИ
Данные общей обработки 20110706d1932 u y0rusy50 ca
101 0# - ЯЗЫК РЕСУРСА
Язык текста, звукозаписи и т.д. английский
-- русский
102 ## - СТРАНА ПУБЛИКАЦИИ ИЛИ ПРОИЗВОДСТВА
Страна публикации Российская Федерация
105 ## - ПОЛЕ КОДИРОВАННЫХ ДАННЫХ: ТЕКСТОВЫЕ МАТЕРИАЛЫ, МОНОГРАФИЧЕСКИЕ
Кодированные данные о монографическом текстовом документе y z |||||
200 1# - ЗАГЛАВИЕ И СВЕДЕНИЯ ОБ ОТВЕТСТВЕННОСТИ
Основное заглавие Сельское хозяйство
Первые сведения об ответственности М.М. Морозов и С[ергей] С[ергеевич] Толстой
Последующие сведения об ответственности Под общ. ред. спец. Наркомзеиа РСФСР Х.Н. Абрикосова
210 ## - ПУБЛИКАЦИЯ, РАСПРОСТРАНЕНИЕ И ДР.
Дата издания, распространения и т.д. 1932
215 ## - ФИЗИЧЕСКАЯ ХАРАКТЕРИСТИКА
Специфическое обозначение материала и объем 112 с.
300 ## - ОБЩИЕ ПРИМЕЧАНИЯ
Текст примечания На тит. л.: "М.М. Морозов и С.С. Толстой. Русско-английский разговорник ...", на обл. авторы не указаны
461 #0 - УРОВЕНЬ НАБОРА
Встроенное поле 001rc\2852575
-- 2001#$aРусско-английский разговорник$vВып. 4
Системный номер (АБИС) связанной записи 5779884
Место публикации Москва
Дата публикации 1931
Издание 2-е изд.
Имя издателя, распространителя и т.д. Центриздат
Заглавие Русско-английский разговорник
Номер тома Вып. 4
517 00 - ДРУГИЕ ВАРИАНТЫ ЗАГЛАВИЯ
Вариант заглавия Русско-английский разговорник
700 #1 - ИМЯ ЛИЦА - ПЕРВИЧНАЯ ОТВЕТСТВЕННОСТЬ
Начальный элемент ввода Морозов
Часть имени, кроме начального элемента ввода М.М.
701 #1 - ИМЯ ЛИЦА - АЛЬТЕРНАТИВНАЯ ОТВЕТСТВЕННОСТЬ
Начальный элемент ввода Толстой
Часть имени, кроме начального элемента ввода С.С.
Расширение инициалов личного имени Сергей Сергеевич
702 #1 - ИМЯ ЛИЦА - ВТОРИЧНАЯ ОТВЕТСТВЕННОСТЬ
Начальный элемент ввода Абрикосов
Часть имени, кроме начального элемента ввода Х.Н.
Код отношения Редактор
801 #0 - ИСТОЧНИК ЗАПИСИ
Страна Российская Федерация
Организация NLR
Правила каталогизации psbo
801 #1 - ИСТОЧНИК ЗАПИСИ
Страна Российская Федерация
Организация ELAR
Источник данных rusmarc
852 ## - МЕСТОНАХОЖДЕНИЕ И ШИФР ХРАНЕНИЯ
Идентификатор организации NLR
Шифр хранения (Call Number) 32-15/4(4)
942 ## - ДОПОЛНИТЕЛЬНЫЕ ЭЛЕМЕНТЫ ЗАПИСИ (АБИС)
Тип экземпляра АБИС Неопределено
980 ## - КОЛЛЕКЦИЯ
Название коллекции Национальная библиография

Нет доступных экземпляров.